000 01029nam a2200229 a 4500
003 PILC
005 20250619144945.0
008 060515s1972 xx 00 eng d
010 _aAcc#36740
020 _a0943575605
040 _cPhilippine Baptist Theological Seminary
050 _aBX 4827 .B78
_bAs34 1972
100 1 0 _aAshcraft, Morris
245 1 0 _aRudolf Bultmann /
_cby Morris Ashcraft.
260 0 _aPeabody, MA :
_bHendrickson Publishers,
_cc1972.
300 _a123 p. ; 22 cm.
440 0 _aMakers of the Modern Theological Mind Series
500 _aIncludes bibliographical references
505 _aRUDOLF BULTMANN-- BULTMANN'S UNDERSTANDING OF MAN- THE CONCEPT OF EXISTRNCE--BULTMANN AND THE HISTORICAL JESUS--DEMYTHOLOGIZING- EXISTENTIALIST INTERPRETATION-- EXISTENTIAL SPEAKING "OF" GOD-- GROUND OF FAITH-THE CHRIST EVENT-- EXISTENCE PRIOR TO FAITH- IN AUTHENTIC EXISTENCE-- LIFE IN FAITH- AUTHENTIC EXISTENCE-- SUMMARY AND EVELUATION.
600 _aBULTMANN, RUDOLF KARL
_d1884-1976
942 _cCB
_2ddc
999 _c16321
_d16321